<?xml version="1.0" encoding="UTF-8"?>
<record
    xmlns:xsi="http://www.w3.org/2001/XMLSchema-instance"
    xsi:schemaLocation="http://www.loc.gov/MARC21/slim http://www.loc.gov/standards/marcxml/schema/MARC21slim.xsd"
    xmlns="http://www.loc.gov/MARC21/slim">

  <leader>00893nam a22002177a 4500</leader>
  <controlfield tag="005">20240530110528.0</controlfield>
  <controlfield tag="008">160310s199&#x61F;    ua     g b    000 0 ara d</controlfield>
  <datafield tag="040" ind1=" " ind2=" ">
    <subfield code="a">EG-CaGPL</subfield>
  </datafield>
  <datafield tag="082" ind1="0" ind2="4">
    <subfield code="2">21</subfield>
    <subfield code="a">616.89142\</subfield>
    <subfield code="b">&#x633; &#x62A;</subfield>
  </datafield>
  <datafield tag="100" ind1="0" ind2=" ">
    <subfield code="a">&#x633;&#x627;&#x645;&#x64A;&#x629; &#x634;&#x648;&#x64A;&#x639;&#x644;</subfield>
  </datafield>
  <datafield tag="245" ind1="1" ind2="2">
    <subfield code="a">&#x627;&#x644;&#x62A;&#x62F;&#x62E;&#x644; &#x627;&#x644;&#x639;&#x644;&#x627;&#x62C;&#x649; &#x641;&#x649; &#x642;&#x64A;&#x627;&#x633; &#x648; &#x62A;&#x639;&#x62F;&#x64A;&#x644; &#x633;&#x644;&#x648;&#x643; &#x627;&#x644;&#x627;&#x637;&#x641;&#x627;&#x644; &#x627;&#x644;&#x645;&#x62A;&#x62E;&#x644;&#x641;&#x64A;&#x646; &#x639;&#x642;&#x644;&#x64A;&#x627; /</subfield>
    <subfield code="c">&#x633;&#x627;&#x645;&#x64A;&#x629; &#x634;&#x648;&#x64A;&#x639;&#x644;</subfield>
  </datafield>
  <datafield tag="260" ind1=" " ind2=" ">
    <subfield code="a">&#x627;&#x644;&#x642;&#x627;&#x647;&#x631;&#x629; :</subfield>
    <subfield code="b">&#x627;&#x644;&#x645;&#x643;&#x62A;&#x628;&#x629; &#x627;&#x644;&#x639;&#x635;&#x631;&#x64A;&#x629; &#x644;&#x644;&#x646;&#x634;&#x631; &#x648; &#x627;&#x644;&#x62A;&#x648;&#x632;&#x64A;&#x639;</subfield>
    <subfield code="c">[ 199- ] .</subfield>
  </datafield>
  <datafield tag="300" ind1=" " ind2=" ">
    <subfield code="a">302 &#x635; &#x61B;</subfield>
    <subfield code="c">24 &#x633;&#x645; .</subfield>
  </datafield>
  <datafield tag="504" ind1=" " ind2=" ">
    <subfield code="a">&#x64A;&#x634;&#x62A;&#x645;&#x644; &#x639;&#x644;&#x649; &#x627;&#x631;&#x62C;&#x627;&#x639;&#x627;&#x62A; &#x628;&#x628;&#x644;&#x64A;&#x648;&#x62C;&#x631;&#x627;&#x641;&#x64A;&#x629;</subfield>
  </datafield>
  <datafield tag="650" ind1="0" ind2="4">
    <subfield code="a">&#x627;&#x644;&#x639;&#x644;&#x627;&#x62C; &#x627;&#x644;&#x633;&#x644;&#x648;&#x643;&#x649;</subfield>
  </datafield>
  <datafield tag="650" ind1="0" ind2="4">
    <subfield code="a">&#x627;&#x644;&#x627;&#x637;&#x641;&#x627;&#x644;</subfield>
    <subfield code="x">&#x631;&#x639;&#x627;&#x64A;&#x629; &#x648; &#x639;&#x644;&#x627;&#x62C;</subfield>
  </datafield>
  <datafield tag="650" ind1="0" ind2="4">
    <subfield code="a">&#x627;&#x644;&#x639;&#x644;&#x627;&#x62C; &#x627;&#x644;&#x646;&#x641;&#x633;&#x649;</subfield>
  </datafield>
  <datafield tag="650" ind1="0" ind2="4">
    <subfield code="a">&#x627;&#x644;&#x645;&#x62A;&#x62E;&#x644;&#x641;&#x648;&#x646; &#x639;&#x642;&#x644;&#x64A;&#x627;</subfield>
    <subfield code="x">&#x631;&#x639;&#x627;&#x64A;&#x629; &#x648; &#x639;&#x644;&#x627;&#x62C;</subfield>
  </datafield>
  <datafield tag="942" ind1=" " ind2=" ">
    <subfield code="2">ddc</subfield>
    <subfield code="c">BK</subfield>
  </datafield>
  <datafield tag="999" ind1=" " ind2=" ">
    <subfield code="c">62038</subfield>
    <subfield code="d">62038</subfield>
  </datafield>
  <datafield tag="952" ind1=" " ind2=" ">
    <subfield code="0">0</subfield>
    <subfield code="1">0</subfield>
    <subfield code="4">0</subfield>
    <subfield code="7">0</subfield>
    <subfield code="a">CAI</subfield>
    <subfield code="b">CAI</subfield>
    <subfield code="d">2016-03-10</subfield>
    <subfield code="l">0</subfield>
    <subfield code="o">616.89142\ &#x633; &#x62A;</subfield>
    <subfield code="p">161532</subfield>
    <subfield code="r">2016-03-10 00:00:00</subfield>
    <subfield code="w">2016-03-10</subfield>
    <subfield code="y">BK</subfield>
  </datafield>
</record>
